000 00647nam a22002177a 4500
003 BD-DhJNU
005 20250219035035.0
008 250219b |||||||| |||| 00| 0 eng d
020 _a9781292439556
020 _a9781292439600
040 _aBD-DhJNU
_bENG
_cBD-DhJNU
_dBD-DhJNU
082 _223
_a302.2 DEI
100 _aDeVito, Joseph A
245 _a The Interpersonal Communication Book /
_cJoseph A. DeVito
250 _a16th ed.
260 _aNew York :
_bPearson,
_c2023.
300 _a352p. :
_bill. ;
_c24cm.
504 _aIncludes bibliographical references and index
650 _aInterpersonal Communication
942 _2ddc
_cBK
_n0
999 _c1361
_d1361